| Tag |
First Indicator |
Second Indicator |
Subfields |
| LEADER |
00000cam a2200000 a 4500 |
| 001 |
in00001069372 |
| 005 |
20150929093044.0 |
| 008 |
850206s1984 txua s s00000 eng d |
| 035 |
|
|
|a (OCoLC)11664794
|
| 035 |
|
|
|9 AFM7820AM
|
| 040 |
|
|
|a IKM
|c IKM
|d UtOrBLW
|
| 049 |
|
|
|a IKMd
|
| 086 |
|
|
|a E1400.8 B964 1984
|2 txdocs
|
| 099 |
|
9 |
|a E1400.8
|a B964
|a 1984
|
| 245 |
0 |
0 |
|a Business, industry rate vocational education :
|b results of statewide survey.
|
| 264 |
|
1 |
|a [Austin, Tex.] :
|b [Advisory Council for Technical-Vocational Education in Texas],
|c [1984?]
|
| 300 |
|
|
|a 4 unnumbered pages :
|b illustrations ;
|c 36 x 22 cm. folded to 9 x 22 cm.
|
| 336 |
|
|
|a text
|b txt
|2 rdacontent
|
| 337 |
|
|
|a unmediated
|b n
|2 rdamedia
|
| 338 |
|
|
|a volume
|b nc
|2 rdacarrier
|
| 500 |
|
|
|a Cover title.
|
| 650 |
|
0 |
|a Vocational education
|z Texas.
|
| 710 |
2 |
|
|a Advisory Council for Technical-Vocational Education in Texas.
|
| 999 |
|
|
|a MARS
|
| 999 |
f |
f |
|s 953b23c7-6c05-35e1-8fd2-245f1150b9eb
|i 16651918-8180-3da2-a3a1-45c3e140ec73
|t 0
|
| 952 |
f |
f |
|p normal
|a Texas A&M University
|b College Station
|c Sterling C. Evans Library
|d Evans: Texas Documents (Annex 5th floor)
|t 0
|e E1400.8 B964 1984
|h Other scheme
|i unmediated -- volume
|m A14815752619
|
| 952 |
f |
f |
|p normal
|a Texas A&M University
|b College Station
|c Sterling C. Evans Library
|d Evans: Texas Documents (Annex 5th floor)
|t 0
|e E1400.8 B964 1984
|h Other scheme
|i unmediated -- volume
|m A14815752627
|
| 998 |
f |
f |
|a E1400.8 B964 1984
|t 0
|l Evans: Texas Documents (Annex 5th floor)
|
| 998 |
f |
f |
|a E1400.8 B964 1984
|t 0
|l Evans: Texas Documents (Annex 5th floor)
|